| 000 | 00621nmm a22002057a 4500 | ||
|---|---|---|---|
| 005 | 20161104110931.0 | ||
| 008 | 150727b xxu||||| |||| 00| 0 spa d | ||
| 041 | _aEspañol | ||
| 082 | _aTU 7 | ||
| 100 |
_aLedezma Brenes, Gerald _930430 |
||
| 245 | _aGuía para Turismo nacional e internacional del Proyecto Papagayo por medio de brochures | ||
| 260 | _c2012 | ||
| 300 | _a50 páginas | ||
| 650 |
_aINSTITUTO COSTARRICENSE DE TURISMO _94663 |
||
| 650 |
_aPROYECTO TURISTICO GOLFO DE PAPAGAYO _930431 |
||
| 650 |
_aGOLFO DE PAPAGAYO _930432 |
||
| 650 |
_aTURISMO _9894 |
||
| 650 |
_aCOSTA RICA _930433 |
||
| 942 | _cIP | ||
| 999 |
_c6592 _d6592 |
||